000 00411nam a2200157Ia 4500
003 OSt
005 20230526104029.0
008 211028s2017 xx 000 0 und d
040 _cAIMIT LIBRARY
041 _aeng
100 _aDhanush, JK; Lasrado, Suman Antony.
_98684
_e151907
110 _aSuman Antony Lasrado
_98685
245 _aBook repository system.
260 _aMangalore
_c2017
942 _2ddc
_cPRO
999 _c220011
_d220011